000 00281 a2200145 4500
001 164176
020 _a
040 _cMagnum
100 _aMaia, Fatima
240 1 0 _aCriar e recrear
_lpor
245 1 0 _aCriar e recrear
362 0 _a1899
697 _aIJ/POESIA
942 _cBK
999 _c164176
_d164176